000 00594nam a2200193 i 4500
001 99106
003 ES-MaACL
005 20230906192252.0
007 t|
008 051121s1962 pr ||||1| spa d
080 _a821.134.2(729.5)-14"19"
100 1 _aRamírez de Arellano de Nolla, Olga.
_995133
245 1 0 _aTe entrego, amor /
_cOlga Ramírez de Arellano de Nolla.
260 _aSan Juan, Puerto Rico :
_bJuan Ponce de León,
_c1962.
300 _a64 p. :
_bil. ;
_c22 cm.
852 _aES-MaACL
_jE-11078
_bR.136774
852 _aES-MaACL
_jC-21182
_bR.49736
999 _c99106
_d99106